|
|
|
|
| LEADER |
00861nam a2200241 a 4500 |
| 001 |
267494 |
| 008 |
090510s1972 nyua b 001 0 eng d |
| 010 |
|
|
|a 75146619
|
| 035 |
|
|
|a 10028012
|
| 040 |
|
|
|a DLC
|c DLC
|d ORE
|
| 082 |
|
|
|a 633
|
| 100 |
1 |
|
|a Hughes, Harold De Mott,
|d 1882-1969.
|
| 245 |
1 |
0 |
|a Crop production
|c [by] Harold D. Hughes [and] Darrel S. Metcalfe.
|
| 250 |
|
|
|a 3d ed.
|
| 260 |
|
|
|a New York,
|b Macmillan
|c [1972]
|
| 300 |
|
|
|a xi, 627 p.
|b illus.
|c 24 cm.
|
| 504 |
|
|
|a Includes bibliographies and indexes.
|
| 541 |
1 |
|
|e 00001459
|
| 650 |
|
0 |
|a Field crops.
|
| 700 |
1 |
|
|a Metcalfe, Darrel S.,
|d 1913-
|
| 852 |
4 |
|
|a <add library>
|j <shelf mark>
|
| 999 |
|
|
|c 521
|d 521
|
| 952 |
|
|
|0 0
|1 0
|2 ddc
|4 0
|6 633_HUG_197200000000000
|7 0
|9 472
|a BRACUL
|b BRACUL
|c GEN
|d 2009-05-10
|g 0.00
|l 0
|o 633 HUG
|p 3010001459
|r 2009-05-10
|t 1
|w 2009-05-10
|y BK
|x No price found in the accession register.
|